Piosenki Youtuberów - dla Kolegi Ignacego - Statystyki

Ogólne statystyki
  • Ten quiz został rozwiązany 946 razy
  • Średni wynik to 6 z 14
Statystyki odpowiedzi
Hint Odpowiedź % Poprawnych
Nie Wiem Young Multi
75%
Pomidorowa Letni, Chamski Podryw
71%
Kruci Gang Klocuch
66%
Dziękuje Boxdel
64%
Masno Fest Dycha
54%
Terefere Jan Dąbrowski
52%
O co ci chodzi? Youngczuux
46%
Bombsite A Gimpson Mamiko
45%
Flappy Bird Masterczułek
43%
Awake Merghani
32%
Wieśka Tico Kabaret Czwarta Fala
30%
Uczony Błędem Medusa
20%
Fidget Spinner Karolek
17%
Ballada Counter-Strike'owa Martin Lechowicz
10%
Nie znaleziono quizów pasujących do podanych kryteriów
Rozkład punktacji
Procent ludzi z każdym wynikiem
Percentyl według liczby udzielonych odpowiedzi
Twoja historia wyników
Nie rozwiązałeś tego quizu